| 000 | 00789nam a22003017a 4500 | ||
|---|---|---|---|
| 001 | BR8702654 | ||
| 003 | BR-BrBNA | ||
| 005 | 20230928092521.0 | ||
| 007 | ta | ||
| 008 | 230509b bl.||||| |||| 00| 0 por d | ||
| 040 |
_aBR-BrBNA _bpor _cBiblioteca Nacional de Agricultura |
||
| 041 | _a(Por) | ||
| 072 | _aF06 | ||
| 090 | _ F06 BR8702654 | ||
| 100 | 1 | _aBernardo, S. | |
| 110 | 1 | _aUniversidade Federal de Vicosa, MG (Brasil) | |
| 245 | 1 | _aManual de irrigacao | |
| 250 | 1 | _a4. ed., 2. impressao | |
| 260 | 3 |
_aVicosa, MG (Brasil): _c1987. |
|
| 300 | _a488 p. | ||
| 650 | _aSOLO | ||
| 650 | _aIRRIGACAO SUPERFICIAL | ||
| 650 | _aIRRIGACAO POR ASPERSAO | ||
| 650 | _aIRRIGACAO POR GOTEJAMENTO | ||
| 650 | _aDRENAGEM | ||
| 909 |
_a202309 _bLucia _c55 _dLucia Elande |
||
| 942 | _cBK | ||
| 999 |
_c39551 _d39551 |
||